000 00590nam a2200217Ia 4500
005 20241129115656.0
008 241129s9999||||xx |||||||||||||| ||und||
020 _a9788195070022
037 _aTB
040 _aSDCL
_beng
_cSDCL
041 _ahin
_2hin
084 _aO152,3NSSx R1
_qSDCL
100 _aParijat Shivshankar Singh; Sinha Raman
_9728047
245 0 _aRail ki patariyon par daurti kahaniyan
260 _aDelhi
_bAnamika
_c2021
300 _a5,167p
365 _aINR
_b495
650 _aHindi
942 _cTB
_hO152,3NSSx R1
999 _c1231512
_d1231512